Every Player who beat Michael van Gerwen at the PDC World Championship - Statistics

General Stats
  • This quiz has been taken 80 times
    36 since last reset
  • The average score is 11 of 14
Answer Stats
Year Nationality Round Score Answer % Correct
2025 England Final 3:7 Luke Littler
93%
2008 England Round 1 2:3 Phil Taylor
90%
2009 England Round 2 0:4 Phil Taylor
90%
2013 England Final 4:7 Phil Taylor
90%
2015 Scotland Semi-finals 3:6 Gary Anderson
87%
2023 England Final 4:7 Michael Smith
87%
2020 Scotland Final 3:7 Peter Wright
83%
2012 Australia RO16 3:4 Simon Whitlock
80%
2016 Netherlands RO16 3:4 Raymond van Barneveld
77%
2011 Austria Round 1 1:3 Mensur Suljović
70%
2018 England Semi-finals 5:6 Rob Cross
70%
2024 England Quarter-finals 3:5 Scott Williams
67%
2021 England Quarter-finals 0:5 Dave Chisnall
60%
2010 England Round 2 2:4 James Wade
57%
No matching quizzes found
Score Distribution
Percent of People with Each Score
Percentile by Number Answered
Your Score History
You have not taken this quiz since the last reset